<?xml version="1.0" encoding="UTF-8"?><?xml-stylesheet type="text/xsl" href="static/style.xsl"?><OAI-PMH xmlns="http://www.openarchives.org/OAI/2.0/" xmlns:xsi="http://www.w3.org/2001/XMLSchema-instance" xsi:schemaLocation="http://www.openarchives.org/OAI/2.0/ http://www.openarchives.org/OAI/2.0/OAI-PMH.xsd"><responseDate>2026-06-02T00:53:19Z</responseDate><request verb="GetRecord" identifier="oai:riubu.ubu.es:10259/6494" metadataPrefix="marc">https://riubu.ubu.es/oai/request</request><GetRecord><record><header><identifier>oai:riubu.ubu.es:10259/6494</identifier><datestamp>2024-10-04T22:42:16Z</datestamp><setSpec>com_10259_2699</setSpec><setSpec>col_10259_2705</setSpec></header><metadata><record xmlns="http://www.loc.gov/MARC21/slim" xmlns:doc="http://www.lyncode.com/xoai" xmlns:xsi="http://www.w3.org/2001/XMLSchema-instance" xmlns:dcterms="http://purl.org/dc/terms/" xsi:schemaLocation="http://www.loc.gov/MARC21/slim http://www.loc.gov/standards/marcxml/schema/MARC21slim.xsd">
<leader>00925njm 22002777a 4500</leader>
<datafield tag="042" ind1=" " ind2=" ">
<subfield code="a">dc</subfield>
</datafield>
<datafield tag="720" ind1=" " ind2=" ">
<subfield code="a">Fedato, Annapaola</subfield>
<subfield code="e">author</subfield>
</datafield>
<datafield tag="260" ind1=" " ind2=" ">
<subfield code="c">2021</subfield>
</datafield>
<datafield tag="520" ind1=" " ind2=" ">
<subfield code="a">La aparición de la industria lítica es un momento crucial en el linaje humano. La arqueología experimental, objecto de esta tesis, cuenta entre sus objetivos el conocer el posible uso y función de las herramientas de piedra. Los experimentos se basan en reproducir las condiciones manejo de los instrumentos para extraer las conclusiones más fidedignas sobre sus aplicaciones en la Prehistoria. En el primer estudio de la tesis, se utilizan humanos actuales para representar las capacidades de manipulación de los primeros fabricantes de herramientas. El segundo estudio se miden las variaciones en la conducción eléctrica de la piel, asociada a fluctuaciones de la emoción y de la atención durante la exploración manual de industria del Paleolítico Inferior. Con estos estudios, se intenta entender como la relación con los objetos puede haber influido en las capacidades cognitivas de nuestros antepasados, arrojando luz sobre un aspecto fundamental del ser humano: la tecnología.</subfield>
</datafield>
<datafield tag="024" ind2=" " ind1="8">
<subfield code="a">http://hdl.handle.net/10259/6494</subfield>
</datafield>
<datafield tag="024" ind2=" " ind1="8">
<subfield code="a">10.36443/10259/6494</subfield>
</datafield>
<datafield ind1=" " ind2=" " tag="653">
<subfield code="a">Olduvayense</subfield>
</datafield>
<datafield ind1=" " ind2=" " tag="653">
<subfield code="a">Achelense</subfield>
</datafield>
<datafield ind1=" " ind2=" " tag="653">
<subfield code="a">Ergonomía</subfield>
</datafield>
<datafield ind1=" " ind2=" " tag="653">
<subfield code="a">Tamaño de la mano</subfield>
</datafield>
<datafield ind1=" " ind2=" " tag="653">
<subfield code="a">Arqueología cognitiva</subfield>
</datafield>
<datafield ind1=" " ind2=" " tag="653">
<subfield code="a">Oldowan</subfield>
</datafield>
<datafield ind1=" " ind2=" " tag="653">
<subfield code="a">Acheulean</subfield>
</datafield>
<datafield ind1=" " ind2=" " tag="653">
<subfield code="a">Ergonomics</subfield>
</datafield>
<datafield ind1=" " ind2=" " tag="653">
<subfield code="a">Hand size</subfield>
</datafield>
<datafield ind1=" " ind2=" " tag="653">
<subfield code="a">Cognitive archaeology</subfield>
</datafield>
<datafield tag="245" ind1="0" ind2="0">
<subfield code="a">Visuospatial integration and cognitive archaeology: the relationship between body, material culture and human brain</subfield>
</datafield>
</record></metadata></record></GetRecord></OAI-PMH>